000 00639nam a2200265Ia 4500
005 20260121170423.0
008 008 260114s9999 xx 000 0 eng d
020 _a9783319750910
037 _aEBOOK
040 _aCRL
040 _beng
040 _cCRL
041 _2eng
041 _aeng
084 _qCRL
100 _aJean-Claude Garcia-Zamor
_91063669
245 0 _aEthical Dilemmas of Migration
260 _bSpringer
260 _bSpringer
260 _c2018
856 _uhttps://link.springer.com/openurl?genre=book&isbn=978-3-319-75091-0
942 _cEBOOK
999 _c1629398
_d1629398